000
00328nam a22001337a 4500
999
_c
55056
_d
55056
008
200205b ||||| |||| 00| 0 eng d
041
_a
eng
080
_2
043.3
_a
043.3
082
_a
043.3
100
_a
0
101
_a
BTH
245
_a
Përdorimi i Rrjetave Neurale në Gërmimin e të Dhënave
_c
Maksuti,A
942
_2
udc
_c
BK